| 000 | 00487nam a22001937a 4500 | ||
|---|---|---|---|
| 003 | OSt | ||
| 005 | 20150518161003.0 | ||
| 008 | 150518b xxu||||| |||| 00| 0 eng d | ||
| 020 | _a0750639636 | ||
| 040 | _cDLC | ||
| 082 | _aWW 100 C3980 1993 | ||
| 100 |
_aChawla Hector Bryson _94675 |
||
| 245 |
_aOphthalmology / _cHector Bryson Chawla |
||
| 250 | _a2nd ed. | ||
| 300 |
_aviii, 354 P : _bill; _c24 cm |
||
| 504 | _aIncludes index | ||
| 650 |
_aOphthalmology _9338 |
||
| 942 |
_2z _cSLOAN |
||
| 999 |
_c1779 _d1779 |
||